harry potter acteurs - Statistiques

Statistiques générales
  • Ce quiz a été pris 139 fois
  • Le résultat moyen est 18 sur 19
Statistiques - réponses
acteurs personnages % Correct
Tom Felton drago malefoy
100%
Daniel Radcliffe harry potter
100%
Emma Watson hermione granger
100%
Rupert Grint ron weasley
100%
Evanna Lynch luna lovegood
97%
Robert Pattinson cedric diggory
95%
Bonnie Wright ginny wasley
95%
Matthiew Lewis neville londubat
95%
Richard harris albus dumbledore
93%
Michael Gambon albus dumbledore
93%
James Phelps fred weasley
93%
Robbie Coltrane rubeus hagrid
93%
Alan Rickman severus rogue
93%
Ralph Fiennes voldemort
93%
Helena Bonham Carter bellatrix lestrange
92%
Oliver Phelps george weasley
92%
Maggie Smith minerva mcgonagall
92%
Gary Oldman sirius black
87%
Jason Isaacs lucius malefoy
80%
Aucun quiz correspondant
Distribution des résultats
% des personnes avec chaque résultat
Percentile par nombre de réponses
Votre historique - résultats
Vous n’avez pas pris ce quiz